The Islamic city : (Record no. 130864)

MARC details
000 -LEADER
fixed length control field 00839nam a22002177a 4500
005 - DATE AND TIME OF LATEST TRANSACTION
control field 20170124110119.0
010 ## - LIBRARY OF CONGRESS CONTROL NUMBER
LC control number A-020198
020 ## - INTERNATIONAL STANDARD BOOK NUMBER
Terms of availability 00.00
International Standard Book Number 9231016652
035 ## - SYSTEM CONTROL NUMBER
System control number A-020198
037 ## - SOURCE OF ACQUISITION
Source of stock number/acquisition Cen Lib/Ret
040 ## - CATALOGING SOURCE
Original cataloging agency DPL
Language of cataloging EN
082 ## - DEWEY DECIMAL CLASSIFICATION NUMBER
Classification number 704.948
Item number ISL
245 ## - TITLE STATEMENT
Title The Islamic city :
Statement of responsibility, etc edited by R. B. Serjeant
Remainder of title selected papers from the colloquium held at the Middle East Centre, Faculty of Oriental Studies, Cambridge, United Kingdom, from 19 to 23 July 1976 /
260 ## - PUBLICATION, DISTRIBUTION, ETC. (IMPRINT)
Place of publication, distribution, etc Paris
Name of publisher, distributor, etc UNESCO
Date of publication, distribution, etc 1980
270 ## - ADDRESS
City Paris
Address 7 Place de Fontenoy
Postal code 75700
300 ## - PHYSICAL DESCRIPTION
Extent 210p. :
Dimensions 22cm(Hb)
Other physical details ill.
650 ## - SUBJECT ADDED ENTRY--TOPICAL TERM
Topical term or geographic name as entry element Islamic cities and towns -- Arab countries -- Congresses
9 (RLIN) 30292
650 ## - SUBJECT ADDED ENTRY--TOPICAL TERM
Topical term or geographic name as entry element Cities and towns -- Arab countries -- Congresses
9 (RLIN) 30293
700 ## - ADDED ENTRY--PERSONAL NAME
Personal name Serjeant, R. B.
9 (RLIN) 30294
942 ## - ADDED ENTRY ELEMENTS (KOHA)
Source of classification or shelving scheme Dewey Decimal Classification
Koha item type English Books
Classification part 704.948
Call number suffix ISL
Holdings
Withdrawn status Lost status Damaged status Not for loan Home library Current library Date acquired Source of acquisition Cost, normal purchase price Total Checkouts Full call number Barcode Date last seen Copy number Cost, replacement price Price effective from Koha item type Public note
Written off       Central Library Central Library 10/07/2015 Cen Lib/Ret 0.00   704.948 ISL A-020198 10/07/2015 1 0.00 10/07/2015 English Books Written off on approval by DLB (By Circulation); dtd 15-06-2023

© Delhi Public Library
Hit Counter
free hit counter